000 01138 a2200325 4500
001 200421157
999 _c200421157
_d38351
003 TR-AnTOB
005 20241009153321.0
008 150122s tu 000 0
020 _a978975162128
040 _aTR-AnTOB
_btur
_erda
041 0 _atur
050 0 0 _aPL198.S544
_bO98 2009
090 _aPL198.S544 O98 2009
100 1 _aÖztürk, Erol
_9103694
245 1 0 _aSilifke ve Mut'taki Sarıkeçili ve Bahşiş Yörükleri ağzı /
_cYrd. Doç Dr. Erol Öztürk ; inceleyenler Prof. Dr. Ahmet Buran, Prof. Dr. Efrasiyap Gemalmaz.
264 _aAnkara :
_bTürk Dil Kurumu Yayınları,
_c2009.
300 _a453 pages :
_billustration, maps ;
_c24 cm.
336 _atext
_2rdacontent
337 _aunmediated
_2rdamedia
338 _avolume
_2rdacarrier
490 0 _aTürk Dil Kurumu Yayınları: 958
504 _aIncludes bibliographical references (pages [433]-436]).
650 0 0 _aTürk dili
_xLehçeler
_zTürkiye
_zSilifke
_9103697
650 0 0 _aTurkish language
_xDialects
_zTurkey
_zSilifke
_9103696
700 1 _aBuran, Ahmet
_96945
700 1 _aGemalmaz, E.
_9103695
942 _cBK